MARC details
| 000 -CABECERA |
| campo de control de longitud fija |
00951nam a2200277 a 4500 |
| 001 - NÚMERO DE CONTROL |
| campo de control |
000008413 |
| 005 - FECHA Y HORA DE LA ÚLTIMA TRANSACCIÓN |
| campo de control |
20200929161335.0 |
| 008 - DATOS DE LONGITUD FIJA--INFORMACIÓN GENERAL |
| campo de control de longitud fija |
970909s1988 cu a b 000 0 spa d |
| 010 ## - NÚMERO DE CONTROL DE LA BIBLIOTECA DEL CONGRESO |
| Número de control de LC |
97192892 |
| 035 ## - NÚMERO DE CONTROL DEL SISTEMA |
| Número de control de sistema |
(OCoLC)22995384 |
| 040 ## - FUENTE DE LA CATALOGACIÓN |
| Centro catalogador/agencia de origen |
DO-SdBNP |
| Centro/agencia transcriptor |
PIT |
| Centro/agencia modificador |
BNG |
| -- |
IXA |
| -- |
DLC |
| 042 ## - CÓDIGO DE AUTENTICACIÓN |
| Código de autenticación |
lccopycat |
| 082 ## - NÚMERO DE LA CLASIFICACIÓN DECIMAL DEWEY |
| Número de clasificación |
Cu861.44 |
| Número de documento/Ítem |
C834 |
| 049 ## - FONDOS LOCALES (OCLC) |
| Fondos de biblioteca |
BNGR |
| 245 00 - MENCIÓN DE TÍTULO |
| Título |
Cos Causse : |
| Resto del título |
tiempo y poesía / |
| Mención de responsabilidad, etc. |
Oscar Ruiz Miyares [compilador]. |
| 260 ## - PUBLICACIÓN, DISTRIBUCIÓN, ETC. |
| Lugar de publicación, distribución, etc. |
Santiago de Cuba : |
| Nombre del editor, distribuidor, etc. |
Oriente, |
| Fecha de publicación, distribución, etc. |
1988. |
| 300 ## - DESCRIPCIÓN FÍSICA |
| Extensión |
186 p. : |
| Otras características físicas |
ill. ; |
| Dimensiones |
19 cm. |
| 500 ## - NOTA GENERAL |
| Nota general |
Series statement from dust jacket. |
| 504 ## - NOTA DE BIBLIOGRAFÍA, ETC. |
| Nota de bibliografía, etc. |
Includes bibliographical references. |
| 505 2# - NOTA DE CONTENIDO CON FORMATO |
| Nota de contenido con formato |
Seleccion poetica (p. [11]-71) -- Valoraciones -- Fichas de autores (p. 179-184). |
| 650 #4 - PUNTO DE ACCESO ADICIONAL DE MATERIA--TÉRMINO DE MATERIA |
| Término de materia o nombre geográfico como elemento de entrada |
Poesía cubana |
| 9 (RLIN) |
5226 |
| 650 #4 - PUNTO DE ACCESO ADICIONAL DE MATERIA--TÉRMINO DE MATERIA |
| Término de materia o nombre geográfico como elemento de entrada |
Literatura cubana |
| 9 (RLIN) |
1483 |
| 700 2# - PUNTO DE ACCESO ADICIONAL--NOMBRE DE PERSONA |
| Nombre de persona |
Ruiz Miyares, Oscar. |
| 9 (RLIN) |
22679 |
| 700 22 - PUNTO DE ACCESO ADICIONAL--NOMBRE DE PERSONA |
| Nombre de persona |
Cos Causse, Jesus, |
| Fechas asociadas al nombre |
1945- |
| Título de la obra |
Poems. |
| Subencabezamiento de forma |
Selections. |
| 9 (RLIN) |
22680 |
| 910 ## - DATOS DE OPCIÓN DEL USUARIO (OCLC) |
| Datos de opción del usuario |
Catalogación por copia / LC |